LEADER 00873nam 2200349 450 001 990001029290203316 035 $a0102929 035 $aUSA010102929 035 $a(ALEPH)000102929USA01 035 $a0102929 100 $a20020312d--------km-y0itay0103----ba 101 $aspa 102 $aCU 110 $aaha-------- 200 1 $aConjunto 210 $aCuba$cIstituto cubano del libro 215 $av.$d25 cm 300 $aDir. da M. Galich 326 $aTrimestrale 606 0 $aTeatro$xPeriodici 676 $a792 702 1$aGALICH,$bM. 801 0$aIT$bsalbc$gISBD 912 $a990001029290203316 958 $aUMA$cN.9(1971), 19(1974) 959 $aSE 969 $aUMA 979 $aPATTY$b90$c20020312$lUSA01$h1618 979 $c20020403$lUSA01$h1743 979 $aPATRY$b90$c20040406$lUSA01$h1711 996 $aConjunto$9977066 997 $aUNISA LEADER 00979nam0-2200313---450- 001 990008360390403321 005 20060707125231.0 035 $a000836039 035 $aFED01000836039 035 $a(Aleph)000836039FED01 035 $a000836039 100 $a20060707d1991----km-y0itay50------ba 101 0 $aita 102 $aIT 105 $a--------001yy 200 1 $a<>conte di Cagliostro$eprigionia e morte nella fortezza di San Leo$econ documenti inediti tratti dall'Archivio di Stato di Pesaro$fNevio Matteini 205 $a6. ed. 210 $aSan Leo$cAssociazione Pro San Leo$dstampa 1991 215 $a113 p., 16 p. di tav.$cill.$d21 cm 610 0 $aBalsamo, Giuseppe 676 $a133.092 700 1$aMatteini,$bNevio$0179714 801 0$aIT$bUNINA$c20060707$gRICA$2UNIMARC 901 $aBK 912 $a990008360390403321 952 $aF.Russo 1908$fBAT 959 $aBAT 996 $aConte di Cagliostro$9722750 997 $aUNINA